| 000 | 00463nam a22001577a 4500 | ||
|---|---|---|---|
| 003 | OSt | ||
| 005 | 20240419161753.0 | ||
| 008 | 240419b |||||||| |||| 00| 0 eng d | ||
| 040 | _cMRSPTU | ||
| 100 | _aPandit Parkash ( पंडित प्रकाश) | ||
| 245 | _aUrdu Ki Behtareen Shairy (उर्दू की बेहतरीन शायरी) | ||
| 250 | _a9th | ||
| 260 |
_aDelhi _bHind Packet Books _c1994 |
||
| 300 | _a143 | ||
| 942 |
_2ddc _cBK _n0 |
||
| 999 |
_c10129 _d10129 |
||